[Event "BCF-ch U12 rapid"]
[Site "Hull"]
[Date "2024.07.27"]
[Round "8"]
[White "Dean, Eskander"]
[Black "Kendall, Arthur"]
[Result "0-1"]
[WhiteElo "1608"]
[BlackElo "1672"]
[PlyCount "62"]
[EventDate "2024.07.26"]
[EventType "swiss (rapid)"]
[EventRounds "9"]
[EventCountry "ENG"]
[SourceTitle "CBM 221 Extra"]
[Source "ChessBase"]
[SourceDate "2024.09.30"]
[SourceVersion "1"]
[SourceVersionDate "2024.09.30"]
[SourceQuality "1"]

1. e4 e6 2. d4 d5 3. exd5 exd5 4. Nf3 Nf6 5. Bd3 Bd6 6. 0-0 0-0 7. c3 Bg4 8. h3 Bh5 9. Bg5 Nbd7 10. Nbd2 Re8 11. Qc2 Bg6 12. Bxg6 hxg6 13. Rfe1 Rxe1+ 14. Rxe1 c6 15. Ne5 Qc7 16. f4 Bxe5 17. fxe5 Re8 18. Qd1 Nh7 19. Bf4 Ndf8 20. Qg4 Ne6 21. Bg3 Qa5 22. a3 Qb5 23. b3 Qd3 24. Nb1 Nhg5 25. Bh2 Ne4 26. Qf3 Qc2 27. Qd1 Qf2+ 28. Kh1 Nf4 29. Bxf4 Qxf4 30. Qf3 Qh4 31. c4 Qxe1+ 0-1

[Event "BCF-ch U12 rapid"]
[Site "Hull"]
[Date "2024.07.27"]
[Round "7"]
[White "Ding, Yicheng"]
[Black "Dean, Eskander"]
[Result "0-1"]
[WhiteElo "1557"]
[BlackElo "1608"]
[PlyCount "79"]
[EventDate "2024.07.26"]
[EventType "swiss (rapid)"]
[EventRounds "9"]
[EventCountry "ENG"]
[SourceTitle "CBM 221 Extra"]
[Source "ChessBase"]
[SourceDate "2024.09.30"]
[SourceVersion "1"]
[SourceVersionDate "2024.09.30"]
[SourceQuality "1"]

1. d4 d5 2. c4 e6 3. Nc3 Nf6 4. Bf4 c6 5. cxd5 exd5 6. e3 Bd6 7. Bg5 h6 8. Bh4 Bf5 9. Bd3 Bxd3 10. Qxd3 Nbd7 11. Nf3 Qc7 12. Bg3 Bxg3 13. hxg3 Qd6 14. 0-0 0-0 15. Rfc1 Rfe8 16. Rab1 Ne4 17. Nd2 f5 18. g4 Nxd2 19. Qxd2 fxg4 20. b4 Nb6 21. Qd1 g3 22. Qf3 gxf2+ 23. Qxf2 Rf8 24. Qe2 Rae8 25. b5 Nc4 26. e4 Qf6 27. e5 Qe6 28. bxc6 bxc6 29. Ne4 dxe4 30. Qxc4 Qd5 31. Rb3 Rd8 32. Re3 Rf5 33. a3 Rf6 34. g4 g5 35. Rb3 Rf3 36. Rd1 Rd7 37. Rd2 e3 38. Re2 a5 39. Rh2 Rh3 40. Re2 0-1